Los fundamentos de la gramática transformacional
Uloženo v:
| Hlavní autor: | |
|---|---|
| Médium: | Kniha |
| Jazyk: | španělština |
| Vydáno: |
Ciudad de México
Siglo Veintiuno
1971
|
| Edice: | Antropología y Lingüística
|
| Témata: | |
| Tagy: |
Přidat tag
Žádné tagy, Buďte první, kdo vytvoří štítek k tomuto záznamu!
|
MARC
| LEADER | 00000nam a2200000 a 4500 | ||
|---|---|---|---|
| 001 | UCQ2755 | ||
| 003 | CL-VaPUC | ||
| 008 | 980731e19710000MX |||||||||||||||||spa|d | ||
| 082 | 0 | 4 | |a 415 |b CON |2 21 |
| 100 | 0 | |a Contreras, Heles |e author |9 416811 | |
| 245 | 1 | 4 | |a Los fundamentos de la gramática transformacional |
| 300 | |a 223 p | ||
| 942 | |c BK | ||
| 945 | |d 19980731 00:00:00 |a crobeson | ||
| 260 | |a Ciudad de México |b Siglo Veintiuno |c 1971 | ||
| 650 | 7 | |a GRAMATICA TRANSFORMACIONAL |2 CL-VaPUC |9 345086 | |
| 650 | 0 | |a Gramática |9 270497 | |
| 650 | 0 | |a Sintaxis |9 318843 | |
| 650 | 0 | |a Semántica |9 265318 | |
| 650 | 0 | |a Fonología |9 341074 | |
| 650 | 0 | |a Gramática generativa |9 313182 | |
| 650 | 0 | |a Lenguaje |9 265069 | |
| 650 | 0 | |a Lingüística |9 265068 | |
| 650 | 7 | |a TEORIA LINGUISTICA |2 CL-VaPUC |9 334835 | |
| 583 | |a last modification |c 19980731 00:00:00 |k Rodrigo Vera | ||
| 490 | 0 | |a Antropología y Lingüística | |
| 999 | |c 273525 |d 273523 | ||
| 952 | |0 0 |1 0 |4 0 |6 415_000000000000000_CON_1971 |7 0 |8 A |9 309154 |a BIBEDU |b BIBEDU |d 2019-11-20 |i 1449184 |o 415 CON 1971 |p 1449184 |r 2019-11-20 |w 2019-11-20 |y BK |k LIT | ||
| 952 | |0 0 |1 0 |4 0 |6 415_000000000000000_CON_1971 |7 0 |8 A |9 309155 |a FDOPOS |b BIBEDU |d 2019-11-20 |i 4270290 |l 1 |o 415 CON 1971 |p 4270290 |r 2025-04-08 |s 2025-03-26 |w 2019-11-20 |y BK |k MLA | ||
| 952 | |0 0 |1 0 |4 0 |6 415_000000000000000_CON_1971 |7 0 |8 A |9 309156 |a FDOPOS |b BIBEDU |d 2019-11-20 |i 4270304 |l 1 |o 415 CON 1971 |p 4270304 |r 2025-03-28 |s 2025-03-26 |w 2019-11-20 |y BK |k MLA | ||